| 000 | 00932nmm a2200325 a 4500 | ||
|---|---|---|---|
| 003 | AR-BaBNM | ||
| 005 | 20251128210733.0 | ||
| 008 | 121020s2000 ||||||||||||||000 | spa|| | ||
| 020 | _a950-808-269-0 | ||
| 040 | _cAR-BaBNM | ||
| 100 | 1 | _aAntelo, Estanislao | |
| 245 | 1 | 0 |
_aEl renegar de la escuela _bdesinterés, apatía, aburrimiento, violencia e indisciplina |
| 260 |
_aRosario _bHomo Sapiens Ediciones _c2000 |
||
| 300 | 0 | _a184 p. | |
| 500 | 0 | _aContiene referencias bibliográficas | |
| 650 | 4 | _aDISCIPLINA | |
| 650 | 4 | _aSISTEMA DISCIPLINARIO | |
| 650 | 4 | _aNECESIDADES DEL ALUMNO | |
| 650 | 4 | _aINTERES | |
| 650 | 4 | _aMOTIVACION DEL ALUMNO | |
| 650 | 4 | _aRELACION ALUMNO-DOCENTE | |
| 650 | 4 | _aAMBIENTE DE LA CLASE | |
| 650 | 4 | _aPAPEL DEL ALUMNO | |
| 650 | 4 | _aPAPEL DE LA ESCUELA | |
| 650 | 4 | _aPRAXIS EDUCATIVA | |
| 650 | 4 | _aVIOLENCIA | |
| 700 | 1 | _aAbramowski, Ana Laura | |
| 942 | _cBK | ||
| 998 | _cRAQUEL | ||
| 999 |
_c16679 _d16679 |
||